[Event "GBR-ch U1900 op 104th"]
[Site "Llandudno"]
[Date "2017.08.03"]
[Round "4"]
[White "Horlock, Peter J"]
[Black "Burton, Richard"]
[Result "1-0"]
[WhiteElo "1622"]
[BlackElo "1772"]
[PlyCount "79"]
[EventDate "2017.07.31"]
[EventType "swiss"]
[EventRounds "5"]
[EventCountry "WLS"]
[SourceTitle "EXT 2019"]
[Source "ChessBase"]
[SourceDate "2018.10.10"]
[SourceVersion "1"]
[SourceVersionDate "2018.10.10"]
[SourceQuality "1"]

1. e4 g6 2. d4 Bg7 3. Nf3 d6 4. h3 Nd7 5. Be3 e5 6. c3 c6 7. Bc4 Nh6 8. Qd2 Ng8 9. Ng5 d5 10. exd5 Nb6 11. Bb3 Nxd5 12. 0-0 h6 13. Ne4 f5 14. f3 fxe4 15. fxe4 Ndf6 16. dxe5 Nxe4 17. Bf7+ Ke7 18. Qc2 Bf5 19. Qb3 Qc8 20. Nd2 Nxd2 21. Bc5+ Kd8 22. Rad1 Bxe5 23. Rxd2+ Kc7 24. Re1 Bf4 25. Rd4 b6 26. Ba3 g5 27. Qd1 Nf6 28. Re7+ Nd7 29. Rxf4 gxf4 30. Qd6+ Kb7 31. Be6 Bxe6 32. Qxe6 Rd8 33. Rg7 a5 34. Qxh6 Ra7 35. Qxf4 Ka8 36. Qg3 b5 37. Be7 Re8 38. Bh4 Re2 39. Qg4 Rxb2 40. Rg8 1-0

[Event "Runcorn op"]
[Site "Runcorn"]
[Date "2010.09.25"]
[Round "2"]
[White "Burton, Richard"]
[Black "Bennett, Patrick"]
[Result "0-1"]
[WhiteElo "1946"]
[BlackElo "2128"]
[PlyCount "68"]
[EventDate "2010.09.24"]
[EventType "swiss"]
[EventRounds "5"]
[EventCountry "ENG"]
[SourceTitle "CBM 138 Extra"]
[Source "ChessBase"]
[SourceDate "2010.10.29"]
[SourceVersion "1"]
[SourceVersionDate "2010.10.29"]
[SourceQuality "1"]

1. e4 g6 2. d4 Bg7 3. c4 d6 4. Nc3 Nf6 5. Be2 0-0 6. Be3 Nbd7 7. Qd2 e5 8. d5 Nc5 9. f3 Nh5 10. g4 Nf4 11. Bf1 f5 12. Bxc5 dxc5 13. gxf5 gxf5 14. Qf2 b6 15. 0-0-0 fxe4 16. Nxe4 Bf5 17. Qe1 Qe7 18. h4 Bh6 19. Kb1 Kh8 20. Ka1 Bg6 21. Nh3 Nxh3 22. Rxh3 Rf4 23. d6 cxd6 24. Rxd6 Rxe4 25. fxe4 Qxd6 26. Rd3 Qe7 27. Bh3 Rd8 28. Rd5 Bf7 29. Rxd8+ Qxd8 30. Bf1 Qd2 31. Qb1 Qc1 32. a3 Qxb1+ 33. Kxb1 Be3 34. Be2 h5 0-1

[Event "Runcorn op"]
[Site "Runcorn"]
[Date "2010.09.24"]
[Round "1"]
[White "Keogh, Edward Augustine"]
[Black "Burton, Richard"]
[Result "1-0"]
[WhiteElo "2028"]
[BlackElo "1946"]
[PlyCount "75"]
[EventDate "2010.09.24"]
[EventType "swiss"]
[EventRounds "5"]
[EventCountry "ENG"]
[SourceTitle "CBM 138 Extra"]
[Source "ChessBase"]
[SourceDate "2010.10.29"]
[SourceVersion "1"]
[SourceVersionDate "2010.10.29"]
[SourceQuality "1"]

1. e4 c5 2. Nf3 d6 3. Bb5+ Nd7 4. 0-0 e6 5. d4 cxd4 6. Qxd4 a6 7. Bxd7+ Bxd7 8. Nc3 Bc6 9. Re1 Nf6 10. Nd5 Be7 11. Nxe7 Qxe7 12. Bg5 e5 13. Qd3 h6 14. Bxf6 Qxf6 15. Rad1 Rd8 16. c4 0-0 17. Qa3 Rfe8 18. Nd2 Re6 19. Nf1 Qf4 20. f3 Rg6 21. Ng3 Qg5 22. Re2 Re6 23. Red2 g6 24. c5 h5 25. Nf1 h4 26. h3 Bb5 27. Ne3 Kg7 28. cxd6 Rf6 29. Ng4 Rf4 30. Qc3 f6 31. d7 Bc6 32. Qa5 f5 33. Qxe5+ Kf7 34. Rd6 Rxg4 35. hxg4 Qe3+ 36. Kh2 Qg5 37. exf5 h3 38. fxg6+ 1-0